| 000 | 00955nam a2200229 i 4500 | ||
|---|---|---|---|
| 001 | 97085 | ||
| 003 | ES-MaACL | ||
| 005 | 20250815062605.0 | ||
| 007 | t| | ||
| 008 | 050706m19581960sp ||||1| spa d | ||
| 080 | _a94(100) | ||
| 245 | 0 | 0 | _aManual de historia universal. |
| 260 |
_aMadrid : _bEspasa-Calpe, _c1958-1960. |
||
| 300 |
_a4 v. : _bil ; _c25 cm. |
||
| 505 | 8 | _aContiene: I. Prehistoria / por Martín Almagro Basch (918 p., VIII lám) -- II. Edades antigua y Media / por Luis Suárez Fernández (887 p.) -- III. Edad moderna / por Vicente Palacio Atard (720 p.) -- IV. Edad contemporánea / por Vicente Palacio Atard (818 p., 11 lám., 12 h. pleg., 10 mapas col. y n.) | |
| 650 | 7 |
_aHistoria universal _2embne _913429 |
|
| 700 | 1 |
_aAlmagro Basch, Martín. _920073 |
|
| 700 | 1 |
_aSuárez Fernández, Luis, _d1924-2024 _9240112 |
|
| 700 | 1 |
_aPalacio Atard, Vicente, _d1920-2013 _988374 |
|
| 852 | 4 |
_aES-MaACL _jA-465-68 |
|
| 999 |
_c97085 _d97085 |
||